Gebara I., Les eaux de mon puits. Réflexions sur des expériences de liberté, Bierges, Mols, 2003, 21x15, 335 p., 22 €. ISBN 2-87402-060-5 (notice n° 1620744)
[ vue normale ]
| 000 -LEADER | |
|---|---|
| fixed length control field | 00549cam a2200133 4500500 |
| 005 - DATE AND TIME OF LATEST TRANSACTION | |
| control field | 20260111091248.0 |
| 041 ## - LANGUAGE CODE | |
| Language code of text/sound track or separate title | fre |
| 042 ## - AUTHENTICATION CODE | |
| Authentication code | dc |
| 245 00 - TITLE STATEMENT | |
| Title | Gebara I., Les eaux de mon puits. Réflexions sur des expériences de liberté, Bierges, Mols, 2003, 21x15, 335 p., 22 €. ISBN 2-87402-060-5 |
| 260 ## - PUBLICATION, DISTRIBUTION, ETC. | |
| Date of publication, distribution, etc. | 2005.<br/> |
| 500 ## - GENERAL NOTE | |
| General note | 14 |
| 786 0# - DATA SOURCE ENTRY | |
| Note | Nouvelle revue théologique | 127 | 4 | 2005-12-15 | p. 623s-635s | 0029-4845 |
| 856 41 - ELECTRONIC LOCATION AND ACCESS | |
| Uniform Resource Identifier | <a href="https://shs.cairn.info/revue-nouvelle-revue-theologique-2005-4-page-623s?lang=fr&redirect-ssocas=7080">https://shs.cairn.info/revue-nouvelle-revue-theologique-2005-4-page-623s?lang=fr&redirect-ssocas=7080</a> |
Pas d'exemplaire disponible.




Réseaux sociaux